|
|
|
|
| LEADER |
01307nam a22003374a 4500 |
| 001 |
36086 |
| 003 |
BD-DhAAL |
| 005 |
20211130114805.0 |
| 008 |
190925r20062004maua b 001 0 eng d |
| 999 |
|
|
|c 41425
|d 41425
|
| 010 |
|
|
|a 2002023054
|
| 020 |
|
|
|a 9780631218418 (pbk)
|
| 020 |
|
|
|a 9780631218401 (hbk)
|
| 020 |
|
|
|a 0631218408
|
| 035 |
|
|
|a (DLC) 2002023054
|
| 040 |
|
|
|a DLC
|c DLC
|d DLC
|d BD-DhAAL
|
| 042 |
|
|
|a pcc
|
| 050 |
0 |
0 |
|a BF723.C5
|b B5 2002
|
| 082 |
0 |
0 |
|a 155.413
|2 21
|
| 245 |
0 |
0 |
|a Blackwell handbook of childhood cognitive development /
|c edited by Usha Goswami.
|
| 260 |
|
|
|a Malden, MA :
|b Blackwell Publishers,
|c c2004 [reprinted 2006]
|
| 300 |
|
|
|a xiii, 761 pages :
|b illustrations ;
|c 26 cm.
|
| 440 |
|
0 |
|a Blackwell handbooks of developmental psychology
|9 35359
|
| 504 |
|
|
|a Includes bibliographical references (pages [620]-736) and index.
|
| 526 |
|
|
|a BIED
|
| 541 |
|
|
|a Complimentary copy from BIED
|e 36086
|
| 650 |
|
0 |
|a Cognition in children.
|9 35360
|
| 700 |
1 |
|
|a Goswami, Usha C.
|9 35361
|
| 852 |
|
|
|a Ayesha Abed Library
|c BIED Collection
|
| 942 |
|
|
|2 ddc
|c BK
|
| 952 |
|
|
|0 0
|1 0
|2 ddc
|4 0
|6 155_413000000000000_BLA
|7 0
|9 66524
|a BRACUL
|b BRACUL
|c GEN
|d 2019-09-25
|e Complimentary copy from BIED
|l 0
|o 155.413 BLA
|p 3010036086
|r 2019-09-25
|t 1
|w 2019-09-25
|y BK
|x Transferred from BIED to General Stacks
|